Aproximació a l'estudi de l'Hospital de la Santa Creu de Barcelona : repertori documental del segle XV / Nativitat Castejón Domènech repertori documental del segle XV / Nativitat Castejón Domènech
ISBN:
978-84-9779-583-8
Descripción Física:
445 p. ; 24 cm
Colección:
Estudis ; 39
Otros Autores:
Fundació Noguera
MARC
| LEADER | 00000nam a2200000Ia 4500 | ||
|---|---|---|---|
| 001 | 20455 | ||
| 008 | 160829s2007 xx 000 0 cat d | ||
| 020 | |a 978-84-9779-583-8 | ||
| 080 | |a H-3-55 | ||
| 100 | |a Castejón, Nativitat |9 25765 | ||
| 245 | |a Aproximació a l'estudi de l'Hospital de la Santa Creu de Barcelona : |b repertori documental del segle XV / Nativitat Castejón Domènech | ||
| 260 | |a Barcelona : |b Fundació Noguera ; Lleida : |b Pagès, |c 2007 | ||
| 300 | |a 445 p. ; |c 24 cm | ||
| 490 | |a Estudis ; 39 | ||
| 590 | |a Bibliografia. | ||
| 590 | |a Tesi doctoral: Universitat de Barcelona, Facultat de Geografia i Història | ||
| 650 | |a Hospital de la Santa Creu (Barcelona) |x Història |x Fonts |9 45690 | ||
| 700 | |a Fundació Noguera |9 70407 | ||
| 901 | |a Arxiu | ||
| 942 | |n 1 | ||
| 952 | |0 0 |1 0 |4 0 |6 H355 |7 1 |9 52759 |a Arxiu |b Arxiu |d 2016-12-01 |l 0 |o H-3-55 |p 20455 |r 2016-12-01 00:00:00 |w 2016-12-01 |y ARXIU | ||
| 999 | |c 56608 |d 56608 | ||